000
00261nam a2200109Ia 4500
008
220204s9999 xx 000 0 und d
082
_a
338.45.01
_b
HOW
100
_a
HOWE, W S
245
0
_a
Industrial economics
260
_a
London
_b
Macmillan
_c
1978
942
_c
BK
999
_c
34982
_d
34982